Zorro - tajemná maska = El Zorro - la máscara misteriosa /
Postava osamělého mstitele, maskovaného aristokrata dokonale ovládajícího svůj kord, jímž trestá každé bezpráví a činí tak Kalifornii 19. století lepším místem, vznikla ve fantazii amerického spisovatele Johnstona McCulleye a proslulou se stala především díky řadě filmových zpracování. V této knize...
Uloženo v:
| Hlavní autor: | |
|---|---|
| Další autoři: | |
| Médium: | E-audiokniha |
| Jazyk: | Czech Spanish |
| Vydáno: |
Brno :
Edika,
2016
|
| Vydání: | 1. vydání |
| Edice: | Dvojjazyčná kniha pro začátečníky
|
| Témata: | |
| Tagy: |
Žádné tagy |
| LEADER | 04269nam a2200805 i 4500 | ||
|---|---|---|---|
| 001 | 313116 | ||
| 003 | CZ PrSKC | ||
| 005 | 20260601215735.0 | ||
| 007 | ta | ||
| 008 | 160919s2016 xr a g p 000 j cze | ||
| 015 | |a cnb002833920 | ||
| 020 | |a 9788026610243 |q (brožováno) | ||
| 035 | |a (OCoLC)960191117 | ||
| 040 | |a OLA001 |b cze |e rda | ||
| 041 | 1 | |a cze |a spa |h spa | |
| 072 | 7 | |a 811.134 |x Iberorománské jazyky |2 Konspekt | |
| 072 | 7 | |a 821.111(73)-3 |x Americká próza |2 Konspekt | |
| 080 | |a 821.111(73)-32 |2 MRF | ||
| 080 | |a 811.134.2 |2 MRF | ||
| 080 | |a 028.4-028.31/.32 |2 MRF | ||
| 080 | |a (0:82-321.3) |2 MRF | ||
| 080 | |a (0.027)=030 |2 MRF | ||
| 080 | |a (07) |2 MRF | ||
| 080 | |a (07.062)81 |2 MRF | ||
| 100 | 1 | |a Jirásková, Eliška |7 xx0112413 |4 aut | |
| 245 | 1 | 0 | |a Zorro - tajemná maska = |b El Zorro - la máscara misteriosa / |c napsáno Eliškou Jiráskovou ; originál od Johnstona McCulleyho |
| 246 | 3 | 1 | |a Zorro - la máscara misteriosa |
| 250 | |a 1. vydání | ||
| 264 | 1 | |a Brno : |b Edika, |c 2016 | |
| 300 | |a 71 stran : |b ilustrace ; |c 21 cm | ||
| 336 | |a text |b txt |2 rdacontent | ||
| 337 | |a bez média |b n |2 rdamedia | ||
| 338 | |a svazek |b nc |2 rdacarrier | ||
| 490 | 1 | |a Dvojjazyčná kniha pro začátečníky | |
| 520 | 2 | |a Postava osamělého mstitele, maskovaného aristokrata dokonale ovládajícího svůj kord, jímž trestá každé bezpráví a činí tak Kalifornii 19. století lepším místem, vznikla ve fantazii amerického spisovatele Johnstona McCulleye a proslulou se stala především díky řadě filmových zpracování. V této knize najdeme španělsko-českou podobu devíti Zorrových příběhů, převyprávěných do jazyka, přístupného začátečníkům ve studiu španělštiny. Text doplňuje stručný slovníček, letmý přehled gramatiky sloves a několik otázek k porozumění obsahu. Pro zájemce o zvukovou podobu španělského textu v podání rodilého mluvčího slouží odkaz na webové stránky nakladatele, odkud lze zdarma stáhnout nahrávku ve formátu MP3. | |
| 520 | 2 | |a Příběhy legendárního španělského mstitele, převyprávěné do jednoduchého jazyka pro potřeby začínajících studentů španělštiny. Dvojjazyčný text s gramatickým komentářem a odkazem na MP3 nahrávku. | |
| 546 | |a Souběžný španělský text | ||
| 650 | 0 | 7 | |a španělština |7 ph127867 |2 czenas |
| 650 | 0 | 7 | |a zjednodušená četba |7 ph656682 |2 czenas |
| 650 | 0 | 9 | |a Spanish language |2 eczenas |
| 650 | 0 | 9 | |a simplified reading |2 eczenas |
| 653 | 0 | |a jazyková úroveň A1 |a jazyková úroveň A2 | |
| 655 | 7 | |a americké příběhy |7 fd131795 |2 czenas | |
| 655 | 7 | |a dobrodružné příběhy |7 fd132060 |2 czenas | |
| 655 | 7 | |a dvojjazyčná vydání |7 fd194533 |2 czenas | |
| 655 | 7 | |a učební texty |7 fd133599 |2 czenas | |
| 655 | 7 | |a jazykové učebnice, texty, příručky (A) |7 fd600889 |2 czenas | |
| 655 | 9 | |a American stories |2 eczenas | |
| 655 | 9 | |a adventure stories |2 eczenas | |
| 655 | 9 | |a bilingual editions |2 eczenas | |
| 655 | 9 | |a educational texts |2 eczenas | |
| 655 | 9 | |a language textbooks, texts, handbooks (A) |2 eczenas | |
| 700 | 1 | 2 | |a McCulley, Johnston, |d 1883-1958. |t Zorro - la máscara misteriosa |
| 700 | 1 | 2 | |a McCulley, Johnston, |d 1883-1958. |t Zorro - la máscara misteriosa. |l Česky |
| 830 | 0 | |a Dvojjazyčná kniha pro začátečníky | |
| 900 | |a ABA001 |b 20 | ||
| 928 | 9 | |a Albatros Media - Edika | |
| 044 | |a xr | ||
| 505 | 0 | 0 | |t 1. EL REGRESO DE DON DIEGO DE (2 min., 24 sek.) |
| 505 | 0 | 0 | |t 2. EL ENCUENTRO CON EL COMAND (2 min., 40 sek.) |
| 505 | 0 | 0 | |t 3. EL ZORRO SE PRESENTA (3 min., 13 sek.) |
| 505 | 0 | 0 | |t 4. EL ZORRO SALVA A LOS CAMPE (2 min., 53 sek.) |
| 505 | 0 | 0 | |t 5. EL ESCONDITE DEL ZORRO (1 min., 41 sek.) |
| 505 | 0 | 0 | |t 6. EL PROYECTO SECRETO EN LAS (1 min., 37 sek.) |
| 505 | 0 | 0 | |t 7. EL BAILE EN MONTERREY (2 min., 16 sek.) |
| 505 | 0 | 0 | |t 8. LA MINA (2 min., 4 sek.) |
| 505 | 0 | 0 | |t 9. LA LUCHA FINAL (3 min., 7 sek.) |
| 910 | |a RBIT002 | ||
| 998 | |d 357647 |a https://core.palmknihy.cz/api/books/357647/cover?shcg55 |b https://core.palmknihy.cz/api/books/357647/cover/400?shcg55 |c https://core.palmknihy.cz/api/books/357647/cover/50?shcg55 |e 2050-12-31 |i 9788026610243 |l 1320 |q 49 |r 1 |s https://www.palmknihy.cz/kniha/357647 |t audiobook |y 2020 |z 0 | ||
| 999 | |d 313114 | ||